Statistics for Countries with the strongest Earthquakes

Click here to take the quiz!

General Stats

  • This quiz has been taken 280 times
  • The average score is 20 of 32

Answer Stats

YearMagnitudeCountry% Correct
20119.1Japan
98%
19649.2United States
98%
19508.6China
92%
20049.2Indonesia
91%
19609.5Chile
89%
17878.6Mexico
89%
19529.0Russia
88%
19508.6India
86%
17009.0Canada
83%
17468.6Peru
78%
19458.1Pakistan
75%
8568.0Iran
74%
19068.8Colombia
70%
19068.8Ecuador
69%
15058.2Nepal
65%
18558.3New Zealand
65%
19188.3Philippines
62%
3658.6Greece
61%
18428.1Haiti
61%
19948.2Bolivia
56%
19298.1United Kingdom
55%
20008.0Papua New Guinea
54%
17558.8Portugal
47%
17628.8Bangladesh
45%
19468.0Myanmar
45%
18628.0El Salvador
43%
19468.1Dominican Republic
40%
19058.4Mongolia
40%
19178.5Samoa
29%
19198.1Tonga
29%
20078.1Solomon Islands
28%
19208.1Vanuatu
25%

Score Distribution

Percentile by Number Answered

Percent of People with Each Score

Your Score History

You have not taken this quiz